LEADER 01391nam 2200361Ia 450 001 996396075603316 005 20200824125120.0 035 $a(CKB)4330000000346880 035 $a(EEBO)2240872609 035 $a(OCoLC)ocm11825107e 035 $a(OCoLC)11825107 035 $a(EXLCZ)994330000000346880 100 $a19850319d1667 uy | 101 0 $aeng 135 $aurbn||||a|bb| 200 04$aThe Saints freedom from tyranny vindicated, or, The power of pagan caesars and antichristian kings examined$b[electronic resource] $eand they condemned by the prophets and apostles, as no magistrates of God to be obeyed by saints for the Lords sake : being the coppy of an answer to a private letter, wherein the civil power of Satan and antichristian states is soberly debated ... /$fby a lover of truth 210 $aLondon $c[s.n.]$d1667 215 $a40 p 300 $aReproduction of original in Cambridge University Library. 300 $aEpistle to the reader signed: A.B. 330 $aeebo-0021 606 $aAntichrist 615 0$aAntichrist. 701 $aA. B$0790577 801 0$bEAA 801 1$bEAA 801 2$bm/c 801 2$bUMI 801 2$bWaOLN 906 $aBOOK 912 $a996396075603316 996 $aThe Saints freedom from tyranny vindicated, or, The power of pagan caesars and antichristian kings examined$92383322 997 $aUNISA LEADER 01026nas 2200373 c 450 001 9910891757803321 005 20260218111727.0 035 $a(DE-599)ZDB2172335-7 035 $a(OCoLC)1368103530 035 $a(DE-101)026896508 035 $a(CKB)4910000000549374 035 $a(DE-599)2172335-7 035 $a(EXLCZ)994910000000549374 100 $a20041227b19251933 |y | 101 0 $ager 135 $aur||||||||||| 181 $ctxt$2rdacontent 182 $cc$2rdamedia 183 $acr$2rdacarrier 200 00$aAbwehrbla?tter$eMitteilungen aus dem Verein zur Abwehr des Antisemitismus 210 31$aBerlin$cVerl. d. Abwehrbla?tter$d1925-1933 210 21$aBerlin$cVerein 215 $aOnline-Ressource 300 $aGesehen am 06.10.2022 608 $aZeitschrift$2gnd-content 676 $a290 686 $aJUDAICA$qDE-30$2fid 801 0$b0012 801 1$bDE-101 801 2$b9999 906 $aJOURNAL 912 $a9910891757803321 996 $aAbwehrblätter$94263395 997 $aUNINA